SHIKSA MANOVIGAN K MOOL TATW (Record no. 19952)

MARC details
000 -LEADER
fixed length control field 00259nam a22001217a 4500
003 - CONTROL NUMBER IDENTIFIER
control field SGT
082 ## - DEWEY DECIMAL CLASSIFICATION NUMBER
Item number SHA
100 ## - MAIN ENTRY--PERSONAL NAME
Personal name SHARMA, MADHULIKA
245 ## - TITLE STATEMENT
Title SHIKSA MANOVIGAN K MOOL TATW
260 ## - PUBLICATION, DISTRIBUTION, ETC. (IMPRINT)
Place of publication, distribution, etc DELHI
Name of publisher, distributor, etc KANISHKA PUB.
Year of Publication 2013
300 ## - PAGE DESCRIPTION
No. of Pages 216
942 ## - ADDED ENTRY ELEMENTS (KOHA)
Source of classification or shelving scheme Dewey Decimal Classification
Koha item type Books
Holdings
Withdrawn status Lost status Source of classification or shelving scheme Damaged status Not for loan Collection code Home library Current library Shelving location Date acquired Cost, normal purchase price SGTU Bill Number Full call number Accession No. (Barcode) Date last seen Bill Date Koha item type
    Dewey Decimal Classification     EDUCATION SGT Engineering Library SGT Engineering Library Text Book 04/05/2020 550.00 SGTU 101 SHA ED4674 04/05/2020 04/05/2020 Books
    Dewey Decimal Classification     EDUCATION SGT Engineering Library SGT Engineering Library Text Book 04/05/2020 550.00 SGTU 101 SHA ED4675 04/05/2020 04/05/2020 Books